| 000 | 01627nam a2200409 a 4500 | ||
|---|---|---|---|
| 005 | 20240514115050.0 | ||
| 008 | 100312s2010||||sp a f |||| 001 0 spa d | ||
| 020 | _a9788498352801 | ||
| 041 | _aspa | ||
| 092 |
_c615.7 _l75 _sROE |
||
| 100 | 1 |
_aRoewer, Norbert _91795 |
|
| 245 |
_aAnestesia. _bTexto y atlas / _cNorbert Roewer |
||
| 250 |
_a4a ed. _bTraducción Jorge Frydman ; Mónica Koch ; Gerardo Mendez Ciancaglini y Ursula Sager |
||
| 260 |
_aMadrid: _bEditorial Médica Panamericana; _c2010. |
||
| 300 |
_a401 p. _b174 láminas en color de Jürgen Wirth |
||
| 500 | _aRoewer, N. y Thiel, H. (2010). Anestesia. Texto y atlas. (4a ed.). Madrid : Editorial Médica Panamericana. | ||
| 653 | _aBases de la anestesiología y la anestesia general | ||
| 653 | _aConsulta prequirúrgica | ||
| 653 | _aPremedicación | ||
| 653 | _aFarmacología de la anestesia general | ||
| 653 | _aVía aérea artificial | ||
| 653 | _aVentilación durante la anestesia general | ||
| 653 | _aAccesos vasculares | ||
| 653 | _aMonitorización y homeostasis perioperatoria | ||
| 653 | _aAnestesia regional | ||
| 653 | _aPosición quirúrgica | ||
| 653 | _aEnfermedades concomitantes frecuentes | ||
| 653 | _aComplicaciones de la anestesia | ||
| 653 | _aCuidados posoperatorios | ||
| 653 | _aReanimación cardiopulmonar | ||
| 653 | _aApéndice A: cuadros y formulas | ||
| 653 | _aApéndice B: valores normales de datos de importancia en anestesiología | ||
| 653 | _aApéndice C: Perfil de los medicamentos de importancia en anestesiología | ||
| 700 | 1 |
_aThiel, Holger _91796 |
|
| 930 | _a2587 | ||
| 942 |
_2ddc _cBK |
||
| 999 |
_c1084 _d1084 |
||